000 02881nam0a2200373 4500
001 RU\NLR\BIBL_A\012073360
005 20190912162652.0
010 _a978-5-6042302-7-5
_9500
021 _aRU
_bКН-П-19-051363
_9КН-П-19-3715
035 _a(NLR Aleph) 012073360
035 _a(RuMoRGB)010036802
090 _a11767360
_c11767360
100 _a20190812d2019 k y0rusy50 ca
101 0 _arus
102 _aRU
105 _aa z |00zy
200 1 _aНовое слово в науке: стратегии развития
_eсборник материалов VIII Международной научно-практической конференции
_fФедеральное государственное бюджетное образовательное учреждение высшего образования "Чувашский государственный университет им. И. Н. Ульянова", Актюбинский региональный государственный университет имени К. Жубанова, Кыргызский экономический университет им. М. Рыскулбекова
_g[редакционная коллегия: Яковлева Татьяна Валериановна, ответственный редактор и др.]
210 _aЧебоксары
_cИнтерактив плюс
_d2019
215 _a89 с.
_cил., портр., табл.
_d21
320 _aБиблиогр. в конце ст.
606 1 _aНаучные конференции
_jСборники
_yЧебоксары, город (Чувашия)
_92283203
_3RU\NLR\AUTH\6601595881
686 1 _aЯ431(2Р-6Чу-4Че)
702 1 _4340
_aЯковлева
_bТ. В.
_cспециалист в обл. образования
_gТатьяна Валериановна
_9132337
_3RU\NLR\AUTH\770132371
711 1 2 _a"Новое слово в науке: стратегии развития", международная научно-практическая конференция
_d8
_eЧебоксары
_f2019
_9674955
_3RU\NLR\AUTH\880507414
712 0 2 _4570
_aЧувашский государственный университет им. И. Н. Ульянова
_cЧебоксары
_9301657
_3RU\NLR\AUTH\8814249
712 0 2 _4570
_aАктюбинский региональный государственный университет им. К. Жубанова
_9632502
_3RU\NLR\AUTH\880486045
712 0 2 _4570
_aКыргызский экономический университет им. М. Рыскулбекова
_cБишкек
_9538669
_3RU\NLR\AUTH\880437226
942 _cBOOK
980 _aNBR
980 _aNB